[Event "Rated Blitz game"]
[Site "?"]
[Date "2021.06.04"]
[Round "?"]
[White "ElGFInfiltrado"]
[Black "pasha1984"]
[Result "1/2-1/2"]
[WhiteElo "2371"]
[BlackElo "2425"]
[PlyCount "140"]
[EventDate "2021.??.??"]
[EventType "blitz"]

1. e4 e5 2. Nf3 d5 3. exd5 e4 4. Qe2 Nf6 5. d3 Qxd5 6. Nbd2 Nc6 7. dxe4 Qh5 8.
Qb5 Bc5 9. Nb3 Nxe4 10. Nxc5 Qxc5 11. Qxc5 Nxc5 12. Be3 Ne6 13. O-O-O Bd7 14.
g3 O-O-O 15. Bg2 Nb4 16. a3 Nc6 17. h4 h6 18. Rd2 Kb8 19. Rhd1 Bc8 20. h5 Rxd2
21. Rxd2 Rd8 22. Nh4 Rxd2 23. Kxd2 Ne7 24. f4 b6 25. Be4 Bb7 26. Kd3 Nd5 27.
Bf2 Nf6 28. Bxb7 Kxb7 29. Nf5 Nxh5 30. Ke4 Kc6 31. Bd4 Kd7 32. g4 Nxd4 33. Nxd4
Nf6+ 34. Kf5 c5 35. Nf3 Ke7 36. g5 g6+ 37. Ke5 Ng4+ 38. Ke4 h5 39. f5 Nf2+ 40.
Ke3 Nd1+ 41. Kf4 Nxb2 42. f6+ Ke6 43. Ne5 Nc4 44. Nc6 Nxa3 45. Nd8+ Kd7 46.
Nxf7 Ke8 47. Nh8 Nxc2 48. Nxg6 Kf7 49. Ne5+ Ke6 50. f7 Ke7 51. g6 Nd4 52. g7
Ne6+ 53. Kf5 Nxg7+ 54. Kg6 Ne6 55. Nf3 Nf8+ 56. Kg7 h4 57. Nxh4 Ne6+ 58. Kg8
Nf8 59. Ng6+ Nxg6 60. Kg7 Nf8 61. Kh6 c4 62. Kg5 c3 63. Kh6 c2 64. Kg7 c1=Q 65.
Kg8 Qg1+ 66. Kh8 Qh1+ 67. Kg7 Qg2+ 68. Kh8 Qh3+ 69. Kg7 Qg3+ 70. Kh8 Qg4 {
Normal} 1/2-1/2

[Event "Rated Blitz game"]
[Site "?"]
[Date "2021.06.04"]
[Round "?"]
[White "justus789"]
[Black "Slimslik02"]
[Result "1-0"]
[WhiteElo "2404"]
[BlackElo "2306"]
[PlyCount "71"]
[EventDate "2021.??.??"]
[EventType "blitz"]

1. e4 e5 2. Nf3 d5 3. Nxe5 Bd6 4. d4 dxe4 5. Nc4 Nf6 6. Nc3 h6 7. Be2 Bf5 8.
Ne3 Bg6 9. Nb5 a6 10. Nxd6+ Qxd6 11. c4 Nc6 12. d5 Ne5 13. Qd4 O-O 14. Bd2 Nd3+
15. Bxd3 exd3 16. O-O Rfe8 17. c5 Qd8 18. f3 Nd7 19. b4 Ne5 20. Rfe1 Qf6 21.
Bc3 Qg5 22. Kh1 Qf6 23. f4 Nd7 24. Qxf6 Nxf6 25. Bxf6 gxf6 26. f5 Rxe3 27. Rxe3
Bxf5 28. Rf1 Bg6 29. Rxf6 Rd8 30. Re5 Kg7 31. Rf1 f6 32. Re7+ Kf8 33. Rxc7 Rxd5
34. Rxf6+ Ke8 35. Rxg6 d2 36. Rg8# {Normal} 1-0

[Event "Rated Blitz game"]
[Site "?"]
[Date "2021.06.04"]
[Round "?"]
[White "PPaiva"]
[Black "liaqat321"]
[Result "1-0"]
[WhiteElo "2518"]
[BlackElo "2394"]
[PlyCount "53"]
[EventDate "2021.??.??"]
[EventType "blitz"]

1. e4 e5 2. Nf3 d5 3. exd5 e4 4. Nd4 Qxd5 5. Ne2 Nf6 6. Nbc3 Qe5 7. d4 exd3 8.
Qxd3 Bd6 9. Bf4 Qe7 10. Bxd6 cxd6 11. O-O-O O-O 12. h3 Rd8 13. g4 Nc6 14. Nf4
Ne5 15. Qg3 Be6 16. g5 Nfd7 17. Bg2 Nc5 18. Ncd5 Qf8 19. h4 Bxd5 20. Bxd5 Qe7
21. h5 Ne6 22. g6 hxg6 23. hxg6 Nxf4 24. Rh8+ Kxh8 25. Rh1+ Kg8 26. Rh8+ Kxh8
27. Qh2+ {Normal} 1-0

[Event "Rated Blitz game"]
[Site "?"]
[Date "2021.06.04"]
[Round "?"]
[White "pandemicfreak"]
[Black "batasjon"]
[Result "1-0"]
[WhiteElo "2541"]
[BlackElo "2399"]
[PlyCount "25"]
[EventDate "2021.??.??"]
[EventType "blitz"]

1. e4 e5 2. Nf3 d5 3. d4 dxe4 4. Nxe5 Bd6 5. Bc4 Bxe5 6. Qh5 Qxd4 7. Qxf7+ Kd8
8. Qf8+ Kd7 9. Bxg8 Rxg8 10. Qxg8 Kc6 11. Nc3 Bd7 12. Be3 Qb4 13. Qd5# {Normal}
1-0

[Event "Rated Blitz game"]
[Site "?"]
[Date "2021.06.04"]
[Round "?"]
[White "stuffings"]
[Black "KinzyabulatovRenat"]
[Result "0-1"]
[WhiteElo "2401"]
[BlackElo "2398"]
[PlyCount "110"]
[EventDate "2021.??.??"]
[EventType "blitz"]

1. e4 e5 2. Nf3 d5 3. Nxe5 Bd6 4. d4 dxe4 5. Nc3 Nf6 6. Bg5 Be7 7. Bc4 O-O 8.
O-O Nbd7 9. Re1 Nb6 10. Bb3 c6 11. Bxf6 gxf6 12. Ng4 f5 13. Ne5 Nd5 14. f3 f6
15. fxe4 fxe4 16. Ng4 Kh8 17. Rxe4 f5 18. Rxe7 Qxe7 19. Nxd5 cxd5 20. Ne5 Be6
21. Qf3 Rad8 22. c3 f4 23. Re1 Qf6 24. Nd3 Bf5 25. Nf2 Rde8 26. Rxe8 Rxe8 27.
h3 Be4 28. Qh5 Qg6 29. Qxg6 hxg6 30. Ng4 Kg7 31. Kf2 b5 32. a3 a5 33. Ne5 Re7
34. Nc6 a4 35. Nxe7 axb3 36. Nc6 Kf6 37. Na7 Bd3 38. Nc6 Kf5 39. Ne5 Be4 40.
Nd7 g5 41. Nc5 Bc2 42. a4 bxa4 43. Nxa4 g4 44. Nb6 g3+ 45. Kg1 Ke4 46. Kf1 Bd3+
47. Kg1 Bc4 48. h4 Bb5 49. h5 Be8 50. h6 Bg6 51. Kf1 Kd3 52. Nxd5 Kc2 53. Nxf4
Bh7 54. Ne2 Kxb2 55. Nxg3 Kxc3 {Time forfeit} 0-1

[Event "Rated Blitz game"]
[Site "?"]
[Date "2021.06.04"]
[Round "?"]
[White "nmcrazyim5"]
[Black "KinzyabulatovRenat"]
[Result "1-0"]
[WhiteElo "2414"]
[BlackElo "2389"]
[PlyCount "57"]
[EventDate "2021.??.??"]
[EventType "blitz"]

1. e4 e5 2. Nf3 d5 3. Nxe5 Bd6 4. d4 dxe4 5. Nc4 Nf6 6. Nc3 O-O 7. Bg5 Be7 8.
Nd2 Qxd4 9. Bxf6 Bxf6 10. Ndxe4 Qe5 11. Bd3 Nc6 12. O-O Be7 13. Re1 Qa5 14. Qf3
Be6 15. Qg3 Ne5 16. b4 Bxb4 17. Nf6+ Kh8 18. Rxe5 gxf6 19. Rxa5 Bxa5 20. Qh4 f5
21. Qf6+ Kg8 22. Re1 c6 23. Re3 Bc7 24. Rh3 Rfd8 25. Bxf5 Bxf5 26. Qxf5 Rab8
27. Qxh7+ Kf8 28. Re3 f6 29. Re7 {Normal} 1-0

[Event "Rated Blitz game"]
[Site "?"]
[Date "2021.06.04"]
[Round "?"]
[White "Principatibus"]
[Black "ferricerve"]
[Result "1/2-1/2"]
[WhiteElo "2606"]
[BlackElo "2550"]
[PlyCount "159"]
[EventDate "2021.??.??"]
[EventType "blitz"]

1. e4 e5 2. Nf3 d5 3. d4 dxe4 4. Nxe5 Bd6 5. Nc4 Be7 6. Nc3 Nf6 7. Bg5 Bf5 8.
Ne3 Bg6 9. h4 h5 10. Be2 Nc6 11. d5 Ne5 12. Bb5+ c6 13. dxc6 bxc6 14. Ba4 O-O
15. O-O Qc7 16. Qe2 Neg4 17. g3 Nxe3 18. Bxe3 Ng4 19. Bf4 Bd6 20. Bxd6 Qxd6 21.
Rad1 Qb4 22. Bb3 Rad8 23. Rxd8 Rxd8 24. Rd1 Rxd1+ 25. Qxd1 e3 26. fxe3 Nxe3 27.
Qf3 Qd4 28. Qf2 Qe5 29. Ne2 Ng4 30. Qf3 Qc5+ 31. Kf1 Qe5 32. Ke1 Be4 33. Qxf7+
Kh7 34. Qg8+ Kh6 35. Qh8+ Bh7 36. Bg8 Nf6 37. Bxh7 Nxh7 38. c3 Qe3 39. Qd8 Nf6
40. Qh8+ Kg6 41. Qc8 Ne4 42. Qxc6+ Kh7 43. Qc4 Qf2+ 44. Kd1 Qe3 45. Qd4 Nf2+
46. Ke1 Nd3+ 47. Kf1 Qf3+ 48. Kg1 Qxe2 49. b4 Qe1+ 50. Kg2 Qe2+ 51. Kg1 Ne5 52.
Qf2 Qe4 53. b5 Nf3+ 54. Kf1 Qb1+ 55. Kg2 Ne1+ 56. Kh2 Qe4 57. b6 Nf3+ 58. Kh3
axb6 59. c4 Qf5+ 60. Kg2 Nd4 61. Qxf5+ Nxf5 62. Kf3 Nd6 63. Kf4 Nxc4 64. Kg5
Ne3 65. Kxh5 Nc2 66. g4 Nb4 67. g5 Nxa2 68. Kg4 Nc3 69. Kf5 b5 70. h5 b4 71.
Kf4 b3 72. Ke3 b2 73. g6+ Kh6 74. Kd3 Kxh5 75. Kxc3 Kxg6 76. Kxb2 Kf6 77. Kc2
g6 78. Kd2 g5 79. Ke2 Kf5 80. Kf2 {Time forfeit} 1/2-1/2

[Event "Rated Blitz tournament IqOAPb9q"]
[Site "?"]
[Date "2021.06.03"]
[Round "?"]
[White "Hansgar"]
[Black "DarthZannah"]
[Result "0-1"]
[WhiteElo "2294"]
[BlackElo "2597"]
[PlyCount "44"]
[EventDate "2021.??.??"]
[EventType "blitz"]

1. e4 e5 2. Nf3 d5 3. exd5 e4 4. Qe2 Nf6 5. d3 Qxd5 6. Nc3 Bb4 7. Bd2 Bxc3 8.
Bxc3 O-O 9. dxe4 Nxe4 10. Qd3 Nxc3 11. bxc3 Re8+ 12. Be2 Qe6 13. O-O Nc6 14.
Rfe1 Qf6 15. Nd4 Ne5 16. Qg3 Bd7 17. Rab1 c5 18. Nf3 Bc6 19. Nxe5 Rxe5 20. Bd3
Rg5 21. Qe3 Rxg2+ 22. Kf1 Rxh2 {Normal} 0-1

[Event "Rated Blitz game"]
[Site "?"]
[Date "2021.06.03"]
[Round "?"]
[White "totofishg"]
[Black "liaqat321"]
[Result "0-1"]
[WhiteElo "2409"]
[BlackElo "2375"]
[PlyCount "124"]
[EventDate "2021.??.??"]
[EventType "blitz"]

1. e4 e5 2. Nf3 d5 3. Nxe5 Bd6 4. Qh5 Qe7 5. d4 Nf6 6. Qxf7+ Qxf7 7. Nxf7 Kxf7
8. e5 Re8 9. Be2 Bxe5 10. dxe5 Rxe5 11. Bf4 Re7 12. Be3 Nc6 13. c3 Ng4 14. Bxg4
Bxg4 15. O-O Rae8 16. Nd2 Ne5 17. f3 Bf5 18. Bd4 Nc6 19. Nb3 Re2 20. Rf2 Bd3
21. g3 Rxf2 22. Bxf2 Re2 23. Rd1 Bc4 24. Rd2 Rxd2 25. Nxd2 Bxa2 26. b3 Na5 27.
b4 Nc6 28. b5 Ne5 29. Bxa7 Ke6 30. Bd4 g6 31. Kf2 Bc4 32. Bxe5 Kxe5 33. Nxc4+
dxc4 34. Ke3 Kd5 35. f4 Kc5 36. Ke4 Kxb5 37. Ke5 Kc5 38. g4 b5 39. f5 gxf5 40.
gxf5 b4 41. cxb4+ Kb5 42. f6 c3 43. f7 c2 44. f8=Q c1=Q 45. Qf7 Qc3+ 46. Kf4
Qxb4+ 47. Kg3 Qd6+ 48. Kh3 Qh6+ 49. Kg3 Qg6+ 50. Qxg6 hxg6 51. Kg4 c5 52. Kg5
c4 53. Kxg6 c3 54. h4 c2 55. h5 c1=Q 56. h6 Qb2 57. Kh7 Kc6 58. Kg8 Qg2+ 59.
Kh8 Qb2+ 60. Kg8 Qb8+ 61. Kg7 Qe5+ 62. Kg8 Qg5+ {Normal} 0-1

[Event "Rated Blitz game"]
[Site "?"]
[Date "2021.06.03"]
[Round "?"]
[White "Grandstodge"]
[Black "magos33"]
[Result "0-1"]
[WhiteElo "2496"]
[BlackElo "2377"]
[PlyCount "128"]
[EventDate "2021.??.??"]
[EventType "blitz"]

1. e4 e5 2. Nf3 d5 3. exd5 e4 4. Qe2 Nf6 5. d3 Qxd5 6. Nbd2 Bc5 7. Nxe4 Nxe4 8.
Qxe4+ Qxe4+ 9. dxe4 Bg4 10. Be2 O-O 11. h3 Bh5 12. Nd2 Bxe2 13. Kxe2 Nc6 14. c3
Rad8 15. Nb3 Bb6 16. Be3 Rfe8 17. f3 f5 18. Bxb6 axb6 19. Nd2 Ne5 20. exf5
Nxf3+ 21. Kxf3 Rxd2 22. Rhe1 Red8 23. Re2 R8d3+ 24. Kf2 Kf7 25. Rae1 Kf6 26. g4
Rxe2+ 27. Rxe2 Rxh3 28. Re6+ Kf7 29. Kg2 Rd3 30. Re2 b5 31. Kf2 Kf6 32. Re6+
Kf7 33. Re3 Rd2+ 34. Re2 Rxe2+ 35. Kxe2 Kf6 36. Ke3 Kg5 37. Kf3 h5 38. gxh5
Kxf5 39. b3 Kg5 40. a4 bxa4 41. bxa4 Kxh5 42. a5 g5 43. c4 g4+ 44. Kg3 Kg5 45.
c5 c6 46. Kf2 Kf4 47. Kg2 g3 48. Kf1 Ke5 49. Kg2 Kd5 50. a6 bxa6 51. Kxg3 Kxc5
52. Kf3 Kb4 53. Ke2 Kb3 54. Kd2 c5 55. Kc1 c4 56. Kb1 c3 57. Ka1 Kc2 58. Ka2
Kd2 59. Kb1 c2+ 60. Ka2 c1=Q 61. Kb3 Qc3+ 62. Ka2 Qb4 63. Ka1 Kc2 64. Ka2 Qa4#
{Normal} 0-1

[Event "Rated Blitz game"]
[Site "?"]
[Date "2021.06.03"]
[Round "?"]
[White "Cisterciense"]
[Black "Slimslik02"]
[Result "1-0"]
[WhiteElo "2411"]
[BlackElo "2352"]
[PlyCount "45"]
[EventDate "2021.??.??"]
[EventType "blitz"]

1. e4 e5 2. Nf3 d5 3. exd5 e4 4. Qe2 Nf6 5. d3 Bb4+ 6. c3 Ba5 7. dxe4 O-O 8.
Nbd2 c6 9. d6 Re8 10. e5 Nd5 11. Nc4 Bb6 12. Qc2 f6 13. Bd3 fxe5 14. Bxh7+ Kh8
15. Ng5 Qf6 16. O-O Nf4 17. Bxf4 Qxf4 18. Nxb6 axb6 19. Qg6 Rf8 20. Bg8 Qh4 21.
Be6 Bxe6 22. Nxe6 Nd7 23. Qxg7# {Normal} 1-0

[Event "Rated Blitz game"]
[Site "?"]
[Date "2021.06.03"]
[Round "?"]
[White "Andilaama"]
[Black "GrandeGila"]
[Result "0-1"]
[WhiteElo "2351"]
[BlackElo "2456"]
[PlyCount "26"]
[EventDate "2021.??.??"]
[EventType "blitz"]

1. e4 e5 2. Nf3 d5 3. exd5 e4 4. Qe2 Nf6 5. d3 Qxd5 6. Nc3 Bb4 7. Bd2 Bxc3 8.
Bxc3 O-O 9. dxe4 Nxe4 10. Bd2 Re8 11. O-O-O Qxa2 12. c3 Bf5 13. Nd4 Bg6 {Normal
} 0-1

[Event "Rated Blitz game"]
[Site "?"]
[Date "2021.06.03"]
[Round "?"]
[White "Shirli-Mirli"]
[Black "fin321123"]
[Result "1-0"]
[WhiteElo "2492"]
[BlackElo "2341"]
[PlyCount "95"]
[EventDate "2021.??.??"]
[EventType "blitz"]

1. e4 e5 2. Nf3 d5 3. Nxe5 Bd6 4. d4 dxe4 5. Nc4 Nf6 6. Ne3 O-O 7. c4 Nc6 8.
Nc3 h6 9. Be2 Bb4 10. d5 Ne5 11. Bd2 c6 12. O-O cxd5 13. Ncxd5 Nxd5 14. Nxd5
Bc5 15. Bc3 f6 16. Bxe5 fxe5 17. Ne3 Be6 18. Qc2 Qh4 19. Rad1 Rxf2 20. Rxf2
Bxe3 21. Rdf1 Rf8 22. g3 Bxf2+ 23. Rxf2 Qg5 24. Qxe4 Rxf2 25. Kxf2 b6 26. b3
Qf5+ 27. Qxf5 Bxf5 28. Ke3 Kf7 29. Bd3 Bg4 30. b4 Ke6 31. Be4 Bd1 32. c5 bxc5
33. bxc5 Ba4 34. Kd3 g5 35. Kc4 Bd1 36. Kb5 Be2+ 37. Kc6 Bc4 38. Kb7 Bxa2 39.
c6 Kd6 40. c7 Be6 41. g4 a5 42. Bf5 Bxf5 43. gxf5 a4 44. c8=Q a3 45. Qf8+ Kd5
46. Qxa3 e4 47. f6 e3 48. Qxe3 {Normal} 1-0

[Event "Rated Blitz game"]
[Site "?"]
[Date "2021.06.03"]
[Round "?"]
[White "janqis"]
[Black "Schachelite"]
[Result "0-1"]
[WhiteElo "2392"]
[BlackElo "2491"]
[PlyCount "118"]
[EventDate "2021.??.??"]
[EventType "blitz"]

1. e4 e5 2. Nf3 d5 3. Nxe5 Bd6 4. d4 dxe4 5. Bc4 Bxe5 6. dxe5 Qxd1+ 7. Kxd1 Nc6
8. Bf4 Nge7 9. Bg3 Bg4+ 10. Kc1 Ng6 11. Nc3 Ngxe5 12. Bb5 O-O-O 13. Nxe4 Nd4
14. Bxe5 Nxb5 15. Bxg7 Rhg8 16. Bf6 Rde8 17. f3 Bf5 18. Nc3 Nxc3 19. bxc3 Rxg2
20. Kb2 Rxc2+ 21. Kb3 Re6 22. Bd4 b6 23. Rac1 Ree2 24. Rxc2 Bxc2+ 25. Ka3 c5
26. Bf6 Rf2 27. Be5 Rxf3 28. Rg1 Bg6 29. Rd1 Rd3 30. Rxd3 Bxd3 31. Kb2 Kd7 32.
Kc1 a6 33. Kd2 Bc4 34. a3 Ke6 35. Bc7 b5 36. Ke3 Kd5 37. Bd8 Bf1 38. Kd2 Bh3
39. Be7 f5 40. Bg5 Kc4 41. Kc2 Bg2 42. Be7 Be4+ 43. Kd2 f4 44. Bd6 f3 45. Be5
Kb3 46. Bd6 Kxa3 47. Bxc5+ Kb3 48. Bb4 Ka4 49. Ke3 a5 50. Bc5 Bb7 51. Bb6 Bc6
52. Kd2 b4 53. cxb4 Kxb4 54. Bd4 Kb3 55. Kc1 a4 56. Kb1 a3 57. h4 Be4+ 58. Kc1
Kc4 59. Ba1 Kd3 {Normal} 0-1

[Event "Rated Blitz game"]
[Site "?"]
[Date "2021.06.03"]
[Round "?"]
[White "mkheeh"]
[Black "Slimslik02"]
[Result "0-1"]
[WhiteElo "2512"]
[BlackElo "2344"]
[PlyCount "56"]
[EventDate "2021.??.??"]
[EventType "blitz"]

1. e4 e5 2. Nf3 d5 3. exd5 e4 4. Qe2 Nf6 5. d3 Bb4+ 6. c3 Ba5 7. dxe4 O-O 8.
Bg5 h6 9. Bxf6 Qxf6 10. Nbd2 c6 11. Nb3 Bb6 12. O-O-O cxd5 13. exd5 Bf5 14. Qd2
Rd8 15. Be2 Na6 16. Rhe1 Rac8 17. Bxa6 bxa6 18. Ne5 a5 19. a3 a4 20. Na1 Bh7
21. f4 Qf5 22. Nc2 Rxd5 23. Qe2 Qxf4+ 24. Kb1 Rxd1+ 25. Qxd1 Qf5 26. Re2 Re8
27. Qd5 Qf1+ 28. Re1 Qxe1+ {Normal} 0-1

[Event "Rated Blitz game"]
[Site "?"]
[Date "2021.06.03"]
[Round "?"]
[White "Chisopa1"]
[Black "Slimslik02"]
[Result "1-0"]
[WhiteElo "2410"]
[BlackElo "2343"]
[PlyCount "117"]
[EventDate "2021.??.??"]
[EventType "blitz"]

1. e4 e5 2. Nf3 d5 3. Nc3 d4 4. Nb1 Bd6 5. d3 f5 6. exf5 Bxf5 7. Nbd2 Nf6 8.
Be2 O-O 9. O-O Kh8 10. Ne1 e4 11. dxe4 Nxe4 12. Nxe4 Bxe4 13. Bf3 Bc6 14. g3
Qf6 15. Bxc6 Nxc6 16. Nd3 Qf5 17. f4 Rae8 18. Qf3 Qh3 19. Bd2 Re7 20. Rae1 Rfe8
21. Rxe7 Rxe7 22. Re1 Rxe1+ 23. Bxe1 Qe6 24. Bf2 Kg8 25. Qh5 g6 26. Qf3 Kg7 27.
b3 a5 28. Kg2 a4 29. h4 a3 30. h5 gxh5 31. Qxh5 Qg6 32. Qd5 Qf7 33. Bxd4+ Nxd4
34. Qxd4+ Kg8 35. Ne5 Qe6 36. c4 b6 37. Qd5 Qxd5+ 38. cxd5 Kg7 39. Kf3 Kf6 40.
Ke4 h5 41. Nc4 Bc5 42. Ne5 Bf2 43. g4 h4 44. g5+ Kg7 45. f5 Bg3 46. f6+ Kf8 47.
Ng4 h3 48. Kf5 h2 49. Nxh2 Bxh2 50. g6 Bd6 51. Ke6 Bb4 52. Kd7 Bd6 53. Ke6 Bb4
54. Kf5 Bd6 55. Kg5 Bb4 56. Kh6 Bc3 57. g7+ Kg8 58. Kg6 Bd4 59. f7# {Normal}
1-0

[Event "Rated Blitz game"]
[Site "?"]
[Date "2021.06.03"]
[Round "?"]
[White "good_knight_kisses"]
[Black "jeruchess"]
[Result "1-0"]
[WhiteElo "2421"]
[BlackElo "2287"]
[PlyCount "53"]
[EventDate "2021.??.??"]
[EventType "blitz"]

1. e4 e5 2. Nf3 d5 3. exd5 e4 4. Qe2 Nf6 5. Nc3 Be7 6. Nxe4 Nxd5 7. d3 O-O 8.
Qd1 Re8 9. Be2 c5 10. O-O Nc6 11. Bd2 b6 12. Re1 Bb7 13. Bf1 Rc8 14. g3 Qd7 15.
Bg2 h6 16. Nc3 Nd4 17. Nxd4 cxd4 18. Nxd5 Bxd5 19. Bxd5 Qxd5 20. c4 dxc3 21.
Bxc3 Bf8 22. d4 Red8 23. Re5 Qd6 24. Qf3 g6 25. Rae1 Bg7 26. Re7 Rd7 27. Qxf7+
{Normal} 1-0

[Event "Rated Blitz tournament ncP0FD8a"]
[Site "?"]
[Date "2021.06.03"]
[Round "?"]
[White "Welcome2Revachol"]
[Black "Justinchess2020"]
[Result "1/2-1/2"]
[WhiteElo "2486"]
[BlackElo "2243"]
[PlyCount "143"]
[EventDate "2021.??.??"]
[EventType "blitz"]

1. e4 e5 2. Nf3 d5 3. exd5 Bd6 4. Nc3 Nf6 5. d4 e4 6. Ne5 O-O 7. Bf4 Nbd7 8.
Bg3 Qe7 9. Nxd7 Bxd7 10. Be2 Bxg3 11. hxg3 e3 12. f4 Rfe8 13. Qd3 b5 14. g4 h6
15. g5 Ng4 16. Bxg4 Bxg4 17. gxh6 g6 18. Ne2 Qb4+ 19. Qc3 Qxc3+ 20. bxc3 Kh7
21. Rb1 a6 22. Rh4 Bf5 23. Rb2 Be4 24. Kf1 Bxd5 25. Rh3 Be4 26. Rxe3 Bf5 27.
Rxe8 Rxe8 28. Kf2 Kxh6 29. Ng1 g5 30. fxg5+ Kxg5 31. Nf3+ Kf6 32. g3 Re4 33.
Rb1 Bg4 34. Rf1 Bxf3 35. Kxf3 Re6 36. Kg4+ Ke7 37. Rf2 Kd6 38. Kf4 c5 39. Rd2
c4 40. Kf3 Kd5 41. Re2 Rf6+ 42. Ke3 Re6+ 43. Kf2 Rf6+ 44. Kg2 a5 45. Re5+ Kc6
46. Rc5+ Kb6 47. Re5 b4 48. Rc5 Re6 49. Rxc4 Re2+ 50. Kf3 Rxc2 51. d5 Rxc3+ 52.
Rxc3 bxc3 53. Ke3 Kc5 54. Kd3 Kxd5 55. Kxc3 Ke4 56. Kc4 Kf3 57. Kb5 Kxg3 58.
Kxa5 f5 59. Kb6 f4 60. a4 f3 61. a5 f2 62. a6 f1=Q 63. a7 Qb1+ 64. Kc7 Qc2+ 65.
Kb8 Qb3+ 66. Ka8 Qg8+ 67. Kb7 Qf7+ 68. Ka8 Qe8+ 69. Kb7 Qe4+ 70. Kb8 Kf4 71.
a8=Q Qxa8+ 72. Kxa8 {Normal} 1/2-1/2

[Event "Rated Blitz game"]
[Site "?"]
[Date "2021.06.03"]
[Round "?"]
[White "Electracy"]
[Black "liaqat321"]
[Result "1-0"]
[WhiteElo "2403"]
[BlackElo "2377"]
[PlyCount "61"]
[EventDate "2021.??.??"]
[EventType "blitz"]

1. e4 e5 2. Nf3 d5 3. d4 dxe4 4. Nxe5 Bd6 5. Nc4 Nf6 6. Nxd6+ Qxd6 7. c3 O-O 8.
g3 c5 9. Be3 cxd4 10. Qxd4 Qe7 11. Nd2 Nc6 12. Qa4 Bd7 13. Qc2 Ne5 14. O-O-O
Bf5 15. h3 Nd3+ 16. Kb1 Rfc8 17. Nb3 a5 18. Nd4 Bg6 19. g4 Nd5 20. Bc1 f6 21.
Nf5 Qe6 22. Bxd3 exd3 23. Qxd3 Rd8 24. Rhe1 Qxe1 25. Rxe1 Rac8 26. Qf3 Nb6 27.
Ka1 Rc5 28. Ne7+ Kf7 29. Nxg6 hxg6 30. Qxb7+ Nd7 31. Rd1 {Normal} 1-0

[Event "Rated Blitz tournament G2L47qeU"]
[Site "?"]
[Date "2021.06.03"]
[Round "?"]
[White "movonrawietz"]
[Black "cheesebuster"]
[Result "1-0"]
[WhiteElo "2442"]
[BlackElo "2277"]
[PlyCount "43"]
[EventDate "2021.??.??"]
[EventType "blitz"]

1. e4 e5 2. Nf3 d5 3. exd5 e4 4. Qe2 Nf6 5. d3 Be7 6. dxe4 Nxe4 7. Qxe4 O-O 8.
Bd3 f5 9. Qe2 Bd6 10. O-O Re8 11. Qd1 c6 12. dxc6 Nxc6 13. Nc3 f4 14. Ne4 Bg4
15. c3 Bc7 16. Qb3+ Kh8 17. Nfg5 Bh5 18. Rd1 Bxd1 19. Nf7+ Kg8 20. Nh6+ Kh8 21.
Qg8+ Rxg8 22. Nf7# {Normal} 1-0

[Event "Rated Blitz tournament 2p317s36"]
[Site "?"]
[Date "2021.06.03"]
[Round "?"]
[White "daniss_kabBandung"]
[Black "om_gendut"]
[Result "0-1"]
[WhiteElo "2213"]
[BlackElo "2417"]
[PlyCount "36"]
[EventDate "2021.??.??"]
[EventType "blitz"]

1. e4 e5 2. Nf3 d5 3. exd5 e4 4. Ng1 Nf6 5. g3 Qxd5 6. Bg2 Nc6 7. h3 Bc5 8. Ne2
O-O 9. O-O Ne5 10. Nf4 Qd8 11. Nc3 Bf5 12. g4 Nfxg4 13. hxg4 Bxg4 14. Qe1 Nf3+
15. Bxf3 Bxf3 16. d4 Qg5+ 17. Kh2 Bd6 18. Rg1 Qh4# {Normal} 0-1

[Event "Rated Blitz game"]
[Site "?"]
[Date "2021.06.03"]
[Round "?"]
[White "Aaryan98"]
[Black "Slimslik02"]
[Result "1-0"]
[WhiteElo "2493"]
[BlackElo "2347"]
[PlyCount "111"]
[EventDate "2021.??.??"]
[EventType "blitz"]

1. e4 e5 2. Nf3 d5 3. exd5 e4 4. Qe2 Nf6 5. d3 Bb4+ 6. c3 Ba5 7. dxe4 O-O 8.
Nbd2 c6 9. dxc6 Nxc6 10. Qd3 Qe7 11. Be2 Rd8 12. Qc2 Re8 13. O-O Nxe4 14. Nxe4
Qxe4 15. Bd3 Qg4 16. Bxh7+ Kh8 17. Bd3 Be6 18. h3 Qh5 19. Bf4 Rac8 20. Qa4 Bxh3
21. Ng5 Bd7 22. Qc4 Be6 23. Nxe6 Rxe6 24. Rae1 Ne7 25. Rxe6 Rxc4 26. Rxe7 Rc8
27. Rfe1 f6 28. R1e3 Qd1+ 29. Kh2 Kg8 30. Bg3 Qh5+ 31. Kg1 Bb6 32. Re2 Bc5 33.
Rxb7 Re8 34. Bc4+ Kh8 35. Rxe8+ Qxe8 36. Kf1 Qc8 37. Rb8 Qxb8 38. Bxb8 Kh7 39.
b4 Bb6 40. a4 a5 41. Bd6 g5 42. Bc5 Bc7 43. b5 Kg7 44. b6 Bb8 45. b7 f5 46. Bb6
Kf6 47. Bxa5 Ke5 48. Bb6 Kd6 49. a5 Kc6 50. Ba6 f4 51. Ke2 g4 52. f3 g3 53. Kd3
Bd6 54. Ke4 Bb8 55. Kf5 Bc7 56. Ba7 {Time forfeit} 1-0

[Event "Rated Blitz game"]
[Site "?"]
[Date "2021.06.03"]
[Round "?"]
[White "snayperchess"]
[Black "ahoramahora"]
[Result "1-0"]
[WhiteElo "2476"]
[BlackElo "2327"]
[PlyCount "27"]
[EventDate "2021.??.??"]
[EventType "blitz"]

1. e4 e5 2. Nf3 d5 3. Nc3 d4 4. Ne2 Bd6 5. Ng3 Nc6 6. Bb5 Nge7 7. d3 a6 8. Ba4
Be6 9. Ng5 Bd7 10. Bb3 O-O 11. Qh5 h6 12. Nxf7 Rxf7 13. Bxf7+ Kh8 14. Bxh6 {
Normal} 1-0

[Event "Rated Blitz game"]
[Site "?"]
[Date "2021.06.03"]
[Round "?"]
[White "e4c5g3"]
[Black "olarovfan"]
[Result "1-0"]
[WhiteElo "2453"]
[BlackElo "2548"]
[PlyCount "67"]
[EventDate "2021.??.??"]
[EventType "blitz"]

1. e4 e5 2. Nf3 d5 3. d4 dxe4 4. Nxe5 Bd6 5. Nc4 Nc6 6. Nxd6+ Qxd6 7. c3 Bf5 8.
Nd2 Nf6 9. Nc4 Qe7 10. Bg5 h6 11. Bh4 O-O-O 12. Be2 g5 13. Bg3 Nd5 14. Bg4 Qe6
15. Bxf5 Qxf5 16. Qe2 h5 17. h3 h4 18. Bh2 Nf4 19. Bxf4 gxf4 20. Qg4 Qxg4 21.
hxg4 Rdg8 22. f3 e3 23. Ke2 b5 24. Ne5 Nxe5 25. dxe5 Rg5 26. Rad1 Rxe5 27. Rd4
Rd8 28. Rxd8+ Kxd8 29. Rd1+ Ke7 30. Rd4 a5 31. Rxf4 Ke6 32. Rd4 f5 33. gxf5+
Rxf5 34. Rxh4 {Normal} 1-0

[Event "Rated Blitz game"]
[Site "?"]
[Date "2021.06.03"]
[Round "?"]
[White "Storm_100"]
[Black "NaestvedVinderAltid"]
[Result "1-0"]
[WhiteElo "2426"]
[BlackElo "2324"]
[PlyCount "111"]
[EventDate "2021.??.??"]
[EventType "blitz"]

1. e4 e5 2. Nf3 d5 3. d3 dxe4 4. dxe4 Qxd1+ 5. Kxd1 Nc6 6. c3 Bg4 7. Kc2 Bxf3
8. gxf3 O-O-O 9. Be3 Nge7 10. Nd2 Ng6 11. Bc4 f6 12. Nb3 Nf4 13. Nc5 Bxc5 14.
Bxc5 b5 15. Bxb5 Kb7 16. Rhd1 a6 17. Bf1 Rxd1 18. Rxd1 Rd8 19. Rxd8 Nxd8 20.
Be3 g5 21. b4 Nde6 22. a4 h6 23. Kb3 h5 24. c4 h4 25. c5 h3 26. Kc4 Ng2 27. b5
axb5+ 28. axb5 Nef4 29. c6+ Kb8 30. Kc5 Ne6+ 31. Kd5 Nef4+ 32. Bxf4 exf4 33.
Ke6 Nh4 34. Bxh3 Nxf3 35. Kxf6 Nxh2 36. Kxg5 Nf3+ 37. Kxf4 Nd4 38. e5 Nxb5 39.
e6 Nd6 40. e7 Ka7 41. Bd7 Kb6 42. e8=Q Nxe8 43. Bxe8 Kc5 44. Bd7 Kd6 45. Kg5
Ke7 46. f4 Kf8 47. Kf5 Ke7 48. Ke5 Kf8 49. f5 Kf7 50. Kd4 Kf8 51. Kc4 Kf7 52.
Kb5 Ke7 53. Ka6 Kd6 54. Kb7 Kc5 55. Kxc7 Kd5 56. Kd8 {Normal} 1-0

[Event "Rated Blitz tournament 2p317s36"]
[Site "?"]
[Date "2021.06.03"]
[Round "?"]
[White "onyongBKD"]
[Black "om_gendut"]
[Result "1-0"]
[WhiteElo "2324"]
[BlackElo "2445"]
[PlyCount "104"]
[EventDate "2021.??.??"]
[EventType "blitz"]

1. e4 e5 2. Nf3 d5 3. exd5 e4 4. Qe2 Be7 5. Qxe4 Nf6 6. Qa4+ Nbd7 7. Bb5 O-O 8.
O-O Nb6 9. Qb3 Nbxd5 10. c4 Nf4 11. Qe3 Ne6 12. d4 c6 13. Ba4 Qa5 14. Nc3 Rd8
15. Bb3 Qh5 16. h3 b6 17. d5 cxd5 18. cxd5 Bc5 19. Qe5 Qxe5 20. Nxe5 Nd4 21.
Bg5 Bb7 22. Bxf6 gxf6 23. Ng4 Kg7 24. Rad1 Nxb3 25. axb3 Bb4 26. Ne3 Kg6 27.
Ne4 f5 28. Nc3 Rac8 29. Nc4 Bxc3 30. bxc3 Rxd5 31. Rxd5 Bxd5 32. Ne5+ Kf6 33.
c4 Kxe5 34. cxd5 Kxd5 35. Ra1 Ke6 36. Rxa7 Rc3 37. Ra3 b5 38. Ra6+ Ke5 39. Rh6
Rxb3 40. Rxh7 f6 41. Rh8 Rb1+ 42. Kh2 f4 43. Rb8 Kf5 44. g3 b4 45. g4+ Kg6 46.
h4 b3 47. Kg2 b2 48. Kf3 Kf7 49. Kxf4 Kg6 50. h5+ Kf7 51. Kf5 Ke7 52. f4 Kd6 {
Normal} 1-0